000 00858nam a2200205 a 4500
001 000041028
005 20201002034549.0
008 130913s2005 sp 000 0 spa d
040 _aDO-SdBNP
_bspa
_cBNPHU
111 2 _aJornadas de Arte
_n(12a. :
_d2004 : 22-26 nov.
_cMadrid
_967504
245 1 3 _aEl arte foráneo en España : presencia e influencia /
_ccoordinador Miguel Cabañas Bravo.
260 _aMadrid :
_bConsejo Superior de Investigaciones Científicas :,
_c2005.
300 _a665 p. :
_bil., retrs. ;
_c28 cm.
490 1 _aBiblioteca de Historia del Arte
_v9
504 _aBibliografías
700 1 _aCabañas Bravo, Miguel,
_ecoor.
_967505
710 2 _aConsejo Superior de Investigaciones Científicas
_94786
710 2 _aInstituto de Historia. Departamento de Historia del Arte,
_967506
830 0 _aBiblioteca de Historia del Arte
_v9
_967507
999 _c40518
_d40518